| 000 | 00474nam a2200169Ia 4500 | ||
|---|---|---|---|
| 999 |
_c12741 _d12741 |
||
| 003 | OSt | ||
| 005 | 20201015133534.0 | ||
| 008 | 190216s9999||||xx |||||||||||||| ||und|| | ||
| 040 | _coclc | ||
| 082 |
_a823.912 _bWOD/V |
||
| 100 |
_aWodehouse, P G _94773 |
||
| 245 | 0 |
_aVery Good Jeeves / _cP G Wodehouse |
|
| 260 |
_bPenguin Books, _c1976. _aNewyork: |
||
| 300 | _a251p | ||
| 650 | _aEnglish Novel | ||
| 942 |
_cBK _2ddc _h823.912 _iWOD/V _k823.912 _mWOD/V |
||